Educación permanente: Enseñanza, aprendizaje con medios de comunicación y nuevas tecnologías./ (Registro nro. 8649)

Detalles MARC
000 -LEADER
fixed length control field 01032nam a2200217Ia 4500
005 - FECHA Y HORA DE LA ÚLTIMA TRANSACCIÓN
control field 20241213111248.0
008 - FIXED-LENGTH DATA ELEMENTS--GENERAL INFORMATION
fixed length control field 230725s9999 xx 000 0 und d
020 ## - INTERNATIONAL STANDARD BOOK NUMBER
International Standard Book Number 84-362-3455-3
040 ## - CATALOGING SOURCE
Original cataloging agency UPAN
Transcribing agency Biblioteca San Vicente
Description conventions RCAA2
041 ## - LANGUAGE CODE
Language code of text/sound track or separate title spa
082 ## - DEWEY DECIMAL CLASSIFICATION NUMBER
Classification number 371.33
Item number S485e
año de publicación 1996
100 ## - MAIN ENTRY--PERSONAL NAME
Personal name Sevillano Garcia, Maria Luisa
Relator code aut.
245 #0 - TITLE STATEMENT
Title Educación permanente: Enseñanza, aprendizaje con medios de comunicación y nuevas tecnologías./
Statement of responsibility, etc Maria Luisa Sevillano Garcia
250 ## - EDITION STATEMENT
Edition statement 2ª ed.
260 ## - PUBLICATION, DISTRIBUTION, ETC. (IMPRINT)
Place of publication, distribution, etc España:
Name of publisher, distributor, etc UNED,
Date of publication, distribution, etc 1996
300 ## - PHYSICAL DESCRIPTION
Extent 234 p.;
Dimensions 24 cm.
505 ## - FORMATTED CONTENTS NOTE
Formatted contents note Capítulo 1. Información y nuevas tecnologías en la enseñanza. <br/>Capítulo 2. Los medios de comunicación como recurso didáctico. <br/>Capítulo 3. La prensa periódica escrita: su conocimiento. <br/>Capítulo 4. La radio en la enseñanza. <br/>Capítulo 5. La televisión como recurso didáctico. <br/>Capítulo 6. Los periódicos escolares.
650 ## - SUBJECT ADDED ENTRY--TOPICAL TERM
Source of heading or term LEMB
Form subdivision Enseñanza
General subdivision Educación
700 ## - ADDED ENTRY--PERSONAL NAME
Personal name Donaciano Bartolome Crespo
942 ## - ADDED ENTRY ELEMENTS (KOHA)
Koha item type Libros
Source of classification or shelving scheme Dewey Decimal Classification
Existencias
Withdrawn status Lost status Source of classification or shelving scheme Damaged status Not for loan Collection code Home library Current library Date acquired Total Checkouts Full call number Barcode Date last seen Price effective from Koha item type Copy number
    Dewey Decimal Classification     Colección General Biblioteca UPAN San Vicente Biblioteca UPAN San Vicente 25/07/2023   371.33 S485e 12003976 25/07/2023 25/07/2023 Libros  
    Dewey Decimal Classification     Colección General Biblioteca UPAN San Vicente Biblioteca UPAN San Vicente 09/08/2023   371.33 S485e 12001354 09/08/2023 09/08/2023 Libros 02
    Dewey Decimal Classification     Colección General Biblioteca UPAN San Vicente Biblioteca UPAN San Vicente 09/08/2023   371.33 S485e 12001353 09/08/2023 09/08/2023 Libros 03